| Поле | Название | Значение |
| |
Тип записи |
a |
| |
Библиографический уровень |
m |
| 001 |
Контрольный номер |
RU\NLR\BIBL_A\010434997 |
| 005 |
Дата корректировки |
20201206204948.0 |
| 010 |
Индекс ISBN |
__ |
| a |
ISBN |
978-5-4468-0705-5 (в пер.) |
| d |
Цена |
633-60 |
| 100 |
Данные общей обработки |
__ |
| a |
Данные общей обработки |
19150715d2014||||||| 0rusy0189 ca |
| 101 |
Язык документа |
0_ |
| a |
Язык текста |
rus |
| 102 |
Страна публикации |
__ |
| a |
Страна публикации |
RU| |
| 105 |
Кодированные данные (монография) |
__ |
| a |
Кодированные данные (монография) |
a|||j|||001zy |
| 200 |
Заглавие и сведения об ответственности |
1_ |
| a |
Заглавие |
Анатомия, физиология и патология органов слуха, речи и зрения |
| e |
Сведения, относящиеся к заглавию |
учебник : для студентов учреждений высшего образования, обучающихся по направлению подготовки "Специальное (дефектологическое) образование" |
| f |
Первые сведения об ответственности |
Л. М. Шипицына, И. А. Вартанян |
| b |
Общее обозначение материала |
Текст |
| 205 |
Сведения об издании |
__ |
| a |
Основные сведения об издании |
3-е изд., стер. |
| 210 |
Выходные данные |
__ |
| a |
Место издания |
Москва |
| c |
Издательство |
Академия |
| d |
Дата издания |
2014 |
| 215 |
Физическое описание |
__ |
| a |
Объем |
429, [1] с. |
| c |
Иллюстрации/тип воспроизводства |
ил. |
| d |
Формат |
22 см |
| 225 |
Серия |
__ |
| a |
Серия |
Высшее образование |
| i |
Наименование части |
Баклавриат |
| 300 |
Общие примечания |
__ |
| a |
Общие примечания |
500 экз. |
| 320 |
Библиография |
__ |
| a |
Библиография |
Библиогр.: с. 422-424 |
| 330 |
Аннотация |
__ |
| a |
Аннотация |
В учебнике представлены основные данные об анатомии и физиологии органов слуха, зрения и речи и их возрастных особенностях. Подробно изложены методы исследования функций слуховой, зрительной и речевой систем с использованием современных методов диагностики. Рассмотрены различные патологии периферического и центрального отделов слуховой, зрительной и речевой систем и причины, приводящие к стойким нарушениям. Обсуждены вопросы профилактики, гигиены, коррекции и реабилитации различных расстройств указанных систем у детей. Для студентов учреждений высшего образования. Может заинтересовать работников специальных и общеобразовательных учреждений, занимающихся обучением и воспитанием детей с сенсорными и речевыми нарушениями. |
| 606 |
Тематические рубрики |
__ |
| a |
Основная рубрика |
Здравоохранение. Медицинские науки |
| 606 |
Тематические рубрики |
__ |
| a |
Основная рубрика |
Общая патология |
| 610 |
Ключевые слова |
__ |
| a |
Ключевые слова |
анатомия |
| a |
Ключевые слова |
дефектология |
| a |
Ключевые слова |
коррекция расстройств |
| a |
Ключевые слова |
наследственные патологии |
| a |
Ключевые слова |
органы зрения |
| a |
Ключевые слова |
органы речи |
| a |
Ключевые слова |
органы слуха |
| a |
Ключевые слова |
патологии зрения |
| a |
Ключевые слова |
патологии речи |
| a |
Ключевые слова |
патологии слуха |
| a |
Ключевые слова |
приобретенные патологии |
| a |
Ключевые слова |
профилактика заболеваний |
| a |
Ключевые слова |
развитие детей |
| a |
Ключевые слова |
реабилитация |
| a |
Ключевые слова |
речевые нарушения |
| a |
Ключевые слова |
сенсорные нарушения |
| a |
Ключевые слова |
физиология |
| 686 |
Индексы других классификаций |
__ |
| 2 |
Код системы |
rubbks |
| a |
Классификационный индекс |
52.5я73 |
| 700 |
Автор |
_1 |
| a |
Фамилия |
Шипицына |
| b |
Имя |
Л. М. |
| g |
Полное личное имя |
Людмила Михайловна |
| 4 |
Код отношения |
070 |
| 701 |
Альтернативная интеллектуальная ответственность |
_1 |
| a |
Фамилия |
Вартанян |
| b |
Имя |
И. А. |
| g |
Полное личное имя |
Инна Арамаисовна |
| 4 |
Код отношения |
070 |
| 801 |
Источник записи |
_0 |
| a |
Страна |
RU |
| b |
Организация |
Муниципальное бюджетное учреждение культуры "Централизованная библиотечная система" г. Сургут (Центральная городская библиотека им. А. С. Пушкина) |
| c |
Дата составления |
20150715 |
| g |
Правила каталогизации |
КиК/Коробейникова |
| 801 |
Источник записи |
_1 |
| a |
Страна |
RU |
| b |
Организация |
Муниципальное бюджетное учреждение культуры "Централизованная библиотечная система" г. Сургут (Центральная городская библиотека им. А. С. Пушкина) |
| c |
Дата составления |
20150715 |
| g |
Правила каталогизации |
КиК/Коробейникова |
| 852 |
Данные о местонахождении |
__ |
| j |
Шифр хранения |
52.5я73 |
| i |
Авторский знак |
Ш 63 |
| 901 |
Тип документа |
__ |
| t |
Тип документа |
m |
| 903 |
Характеристики (МАРС) |
__ |
| a |
Дата передачи |
20150715 |
| 969 |
Тип издания |
__ |
| a |
Тип издания |
учебник |
| 990 |
Данные о заказе (DOS) |
__ |
| j |
Количество экземпляров (DOS) |
5 |
| t |
N записи в КСУ для И/У (DOS) |
201507 |